The challenge to the Alliance for Progress.

Bibliographic Details
Main Author: Raushenbush, Stephen, 1896-
Format: Book
Language:English
Published: Washington : Public Affairs Institute, [1962]
Subjects:

MARC

Tag First Indicator Second Indicator Subfields
LEADER 00000cam a2200000 4500
001 in00000058223
005 20151008051514.0
008 770406s1962 wau b 00000 eng d
010 |a  62006245  
035 |a (OCoLC)02866037 
035 |9 AAG8335AM 
040 |a DMM  |c DMM  |d TXA  |d UtOrBLW 
049 |a TXAM  |c [416318] 
050 0 |a HC165  |b .R26 
092 |a 338.9173  |b R248C 
100 1 |a Raushenbush, Stephen,  |d 1896- 
245 1 4 |a The challenge to the Alliance for Progress. 
264 1 |a Washington :  |b Public Affairs Institute,  |c [1962] 
264 4 |c ©1962 
300 |a 89 pages 
336 |a text  |b txt  |2 rdacontent 
337 |a unmediated  |b n  |2 rdamedia 
338 |a volume  |b nc  |2 rdacarrier 
504 |a Includes bibliography. 
610 2 0 |a Alliance for Progress. 
999 |a MARS 
999 f f |s 7cccfcb6-a105-3514-8857-84153a79a345  |i ded75121-7659-3e81-80c2-9112b7d69eb7  |t 0 
952 f f |p ric  |a Texas A&M University  |b Rellis Campus  |c Joint Library Facility  |d Remote Storage  |t 0  |e HC165 .R26  |h Library of Congress classification  |i unmediated -- volume  |m A14800774062 
998 f f |a HC165 .R26  |t 0  |l Remote Storage